Normal view
MARC view
Entry Personal Name
001 - CONTROL NUMBER
- control field: 14760
003 - CONTROL NUMBER IDENTIFIER
- control field: BD-RjUL
005 - DATE AND TIME OF LATEST TRANSACTION
- control field: 20250105124826.0
008 - FIXED-LENGTH DATA ELEMENTS
- fixed length control field: 250105|| aca||aabn | a|a d
040 ## - CATALOGING SOURCE
- Original cataloging agency: BD-RjUL
- Transcribing agency: BD-RjUL
100 ## - HEADING--PERSONAL NAME
- Personal name: মুখোপাধ্যায়, শৈলজানন্দ
670 ## - SOURCE DATA FOUND
- Source citation: Work cat.: (BD-RjUL)84575: মুখোপাধ্যায়, শৈলজানন্দ , শৈলজানন্দের গ্রন্থাবলী / , [১৯৫৮?]